000 00880cab a22001935a 4500
001 L148147
008 090804e20090710xxkado f s 000 0 eng d
035 _a(Sirsi) u148147
041 0 _aeng
100 1 _aMcMeeken, Roxane
245 0 0 _aNow we're the economic migrants
260 _c2009
490 0 _aBuilding
_v274 (8587) 10 July 2009, 44-47 (4)
520 _aDiscusses results from the "Hays International Salary Guide 2009", which reveals that salaries are stagnant or reducing worldwide. Examines reasons for these changes in the international market and the few attractive options remaining. Salary tables show average pay for project managers, quantity surveyors, architects, civil and structural engineers. Salaries are presented by countries or by regions.
590 _aKA
651 4 _aUnited Kingdom
_y
690 _aMANAGEMENT-BUSINESS MANAGEMENT
942 _n0
999 _c81737
_d81737